Guard post : (Record no. 167581)

MARC details
000 -LEADER
fixed length control field 00624ngm a2200205 i 4500
001 - CONTROL NUMBER
control field C2-0328841
003 - CONTROL NUMBER IDENTIFIER
control field PPAK
005 - DATE AND TIME OF LATEST TRANSACTION
control field 20180727222127.0
008 - FIXED-LENGTH DATA ELEMENTS--GENERAL INFORMATION
fixed length control field 141008s2008 ko |||| ||||| | vlkor d
040 ## - CATALOGING SOURCE
Original cataloging agency PPAK
Language of cataloging eng
Transcribing agency PPAK
Description conventions rda
245 00 - TITLE STATEMENT
Title Guard post :
Remainder of title GP 506
264 #1 - PRODUCTION, PUBLICATION, DISTRIBUTION, MANUFACTURE, AND COPYRIGHT NOTICE
Place of production, publication, distribution, manufacture South Korea :
Name of producer, publisher, distributor, manufacturer Showbox Media Group ,
Date of production, publication, distribution, manufacture, or copyright notice 2008
336 ## - CONTENT TYPE
Source rdacontent
Content type term text
337 ## - MEDIA TYPE
Source rdamedia
Media type term unmediated
338 ## - CARRIER TYPE
Source rdacarrier
Carrier type term volume
500 ## - GENERAL NOTE
General note Title from disc label. ; In Korean soundtrack with subtitles in English, Chinese, Malay and Thai.
700 ## - ADDED ENTRY--PERSONAL NAME
Relator term author
Personal name Kong, Su-Chang,
Relator term compile
942 ## - ADDED ENTRY ELEMENTS (KOHA)
Source of classification or shelving scheme Dewey Decimal Classification
Koha item type Digital Video Disc

No items available.